UM Logo

The terrorist threat from ISIS may be about to get worse. Much worse/ (Record no. 13343)

MARC details
000 -LEADER
fixed length control field 00487nam a2200133 4500
008 - FIXED-LENGTH DATA ELEMENTS--GENERAL INFORMATION
fixed length control field 190302b ||||| |||| 00| 0 eng d
082 ## - DEWEY DECIMAL CLASSIFICATION NUMBER
Classification number DPer 050 T48 Apr - June 2016, v. 187 n. 12-24
100 ## - MAIN ENTRY--PERSONAL NAME
Personal name Vick, Karl.
9 (RLIN) 37273
245 ## - TITLE STATEMENT
Title The terrorist threat from ISIS may be about to get worse. Much worse/
Statement of responsibility, etc. Karl Vick.
260 ## - PUBLICATION, DISTRIBUTION, ETC. (IMPRINT)
Place of publication, distribution, etc. Hong Kong:
Name of publisher, distributor, etc. Time Asia,
Date of publication, distribution, etc. cApr - June 2016.
300 ## - PHYSICAL DESCRIPTION
Extent v187 n12, pages 5-9:
Other physical details color illustrations;
Dimensions 27 cm.
650 ## - SUBJECT ADDED ENTRY--TOPICAL TERM
Topical term or geographic name as entry element Terrorism.
9 (RLIN) 37274
942 ## - ADDED ENTRY ELEMENTS (KOHA)
Source of classification or shelving scheme Dewey Decimal Classification
Koha item type Periodicals
Holdings
Withdrawn status Lost status Source of classification or shelving scheme Damaged status Not for loan Collection code Home library Current library Date acquired Total Checkouts Full call number Date last seen Price effective from Koha item type Public note
    Dewey Decimal Classification     Periodicals UM Digos College - LIC UM Digos College - LIC 03/02/2019   DPer 050 T48 Apr - June 2016, v. 187 n. 12-24 03/02/2019 03/02/2019 Periodicals Periodical article